000 00338nam a22001337a 4500
003 LK-CoDNM
005 20240826123524.0
008 240826b |||||||| |||| 00| 0 eng d
040 _aLK-CoDNM
_dLK-CoDNM
_eLK-CoDNM
080 _b1964-65
245 _aFerguson's Ceylon director
260 _aLondon
_bLondon office
_c1964-65
942 _cBK
999 _c149143
_d149143